Normal view
MARC view
- MS-Government and Public Policy
Entry Topical Term
001 - CONTROL NUMBER
- control field: 125323
003 - CONTROL NUMBER IDENTIFIER
- control field: NUST
005 - DATE AND TIME OF LATEST TRANSACTION
- control field: 20240823160511.0
008 - FIXED-LENGTH DATA ELEMENTS
- fixed length control field: 240823|| aca||aabn | a|a d
040 ## - CATALOGING SOURCE
- Original cataloging agency: NUST
- Transcribing agency: NUST
150 ## - HEADING--TOPICAL TERM
- Topical term or geographic name entry element: MS-Government and Public Policy
670 ## - SOURCE DATA FOUND
- Source citation: Work cat.: (NUST)607588: FATIMA, SAMEEN 120170, INTIMATE PARTNER VIOLENCE AGAINST WOMEN, A CASE STUDY OF LAHORE/
